{"text_format":"3","workbook":"xls","n_sheets":16,"sheets":["招标控制价","总说明","工程项目造价汇总表","单项工程造价汇总表","单位工程造价汇总表","分部分项工程量清单与计价表","总价措施项目清单与计价表(含分项)","单价措施项目清单与计价表","其他项目清单与计价汇总表","暂列金额明细表","专业工程暂估价明细表","总承包服务费计价表","分部分项工程量清单综合单价分析表","单价措施项目清单综合单价分析表","主要材料设备项目与价格表","人工、材料设备、机械汇总表"],"read":"whole","date_system":"1900","formulas":"cached_only"}

{"sheet":"招标控制价","index":0,"n_rows":31,"n_cols":7,"rows_kept":31,"merged":[[0,0,0,6],[1,0,1,6],[2,0,2,6],[3,0,3,6],[4,0,4,6],[5,0,5,6],[6,0,6,6],[7,0,7,6],[8,0,8,2],[8,4,8,5],[9,1,9,3],[9,4,9,5],[10,1,10,3],[10,4,10,5],[11,0,11,6],[12,0,12,1],[12,2,12,3],[12,5,12,6],[13,0,13,1],[13,2,13,3],[13,5,13,6],[14,0,14,6],[15,0,15,6],[16,0,16,6],[17,0,17,1],[17,2,17,3],[17,5,17,6],[18,0,18,1],[18,2,18,3],[18,5,18,6],[19,0,19,6],[20,0,20,6],[21,0,21,6],[22,0,22,1],[22,2,22,6],[23,0,23,1],[23,2,23,6],[24,0,24,6],[25,0,25,6],[26,0,26,6],[27,0,27,6],[28,0,28,3],[28,4,28,6],[29,0,29,6],[30,0,30,6]],"flags":["formulas_cached_only"]}
[""]
[""]
["旗山校区明德湖绿地景观恢复项目工程"]
[""]
[""]
["招 标 控 制 价"]
[""]
[""]
["招标控制价(小写):",null,null,"134820元","其中：甲供材料费",null,""]
["","",null,null,"",null,""]
["(大写):","壹拾叁万肆仟捌佰贰拾圆整",null,null,"其中：甲供材料费",null,""]
[""]
["招  标  人:",null,"",null,"造价咨询人:",""]
["",null,"(单位盖章)",null,"","(单位盖章或资质专用章)"]
[""]
[""]
[""]
["法定代表人\r\n或其授权人:",null,"",null,"法定代表人\r\n或其授权人:",""]
["",null,"(签字或盖章)",null,"","(签字或盖章)"]
[""]
[""]
[""]
["造价工程师：",null,""]
["",null,"(签字盖专用章)"]
[""]
[""]
[""]
[""]
["编制时间:",{"$nulls":3},"2018-09-28"]
[""]
[""]

{"sheet":"总说明","index":1,"n_rows":2,"n_cols":2,"rows_kept":2,"merged":[[0,0,0,1],[2,0,2,1]],"flags":["formulas_cached_only"]}
["总说明"]
["工程名称：旗山校区明德湖绿地景观恢复项目","第1页 共1页"]

{"sheet":"工程项目造价汇总表","index":2,"n_rows":7,"n_cols":4,"rows_kept":7,"merged":[[2,0,2,3],[3,0,3,2],[6,0,6,1]],"flags":["formulas_cached_only"]}
["","","",""]
["","","",""]
["工程项目造价汇总表"]
["工程名称:旗山校区明德湖绿地景观恢复项目",null,null,"第1页 共1页"]
["序号","单项工程名称","金额(元)","其中:\r\n安全文明施工费(元)"]
["1","单项工程",{"v":134820,"d":"134820.00"},{"v":3268,"d":"3268.00"}]
["合  计",null,{"v":134820,"d":"134820.00"},{"v":3268,"d":"3268.00"}]

{"sheet":"单项工程造价汇总表","index":3,"n_rows":7,"n_cols":5,"rows_kept":7,"merged":[[1,0,1,4],[2,0,2,4],[3,0,3,3],[4,2,4,3],[5,2,5,3],[6,0,6,1],[6,2,6,3]],"flags":["formulas_cached_only"]}
["","","","",""]
["单项工程造价汇总表"]
[""]
["工程名称：旗山校区明德湖绿地景观恢复项目  单项工程",{"$nulls":3},"第1页 共1页"]
["序号","单位工程名称","金额(元)",null," 其中:\r\n安全文明施工费(元)"]
["1","园林绿化工程",{"v":134820,"d":"134820.00"},null,{"v":3268,"d":"3268.00"}]
["合        计",null,{"v":134820,"d":"134820.00"},null,{"v":3268,"d":"3268.00"}]

{"sheet":"单位工程造价汇总表","index":4,"n_rows":17,"n_cols":4,"rows_kept":17,"merged":[[0,0,0,3],[1,0,1,3],[2,0,2,2],[3,2,3,3],[4,2,4,3],[5,2,5,3],[6,2,6,3],[7,2,7,3],[8,2,8,3],[9,2,9,3],[10,2,10,3],[11,2,11,3],[12,2,12,3],[13,2,13,3],[14,2,14,3],[15,2,15,3],[16,0,16,1],[16,2,16,3]],"flags":["formulas_cached_only"]}
["单位工程造价汇总表"]
[""]
["工程名称：旗山校区明德湖绿地景观恢复项目  单项工程  园林绿化工程",null,null,"第1页 共1页"]
["序号","汇 总 内 容","金 额(元)"]
["1","分部分项工程费",{"v":130569,"d":"130569.00"}]
["1.1","园林建筑",{"v":77982,"d":"77982.00"}]
["1.2","绿化种植",{"v":52587,"d":"52587.00"}]
["2","措施项目费",{"v":4251,"d":"4251.00"}]
["2.1","总价措施项目费",{"v":4251,"d":"4251.00"}]
["2.1.1","安全文明施工费",{"v":3268,"d":"3268.00"}]
["2.1.2","其他总价措施费",{"v":640,"d":"640.00"}]
["2.2","单价措施项目费"]
["3","其他项目费"]
["3.1","暂列金额"]
["3.2","专业工程暂估价"]
["3.3","总承包服务费"]
["合  计=1+2+3",null,{"v":134820,"d":"134820.00"}]

{"sheet":"分部分项工程量清单与计价表","index":5,"n_rows":15,"n_cols":11,"rows_kept":15,"merged":[[0,0,0,9],[1,0,1,9],[2,0,2,7],[2,8,2,9],[3,0,4,1],[3,2,4,2],[3,3,4,3],[3,4,4,4],[3,5,4,5],[3,6,4,6],[3,7,3,9],[4,7,4,8],[5,0,5,9],[6,0,6,9],[7,0,7,9],[8,0,8,1],[8,7,8,8],[9,0,9,1],[9,7,9,8],[10,0,10,9],[11,0,11,1],[11,7,11,8],[12,0,12,1],[12,7,12,8],[13,0,13,1],[13,7,13,8],[14,0,14,8]],"flags":["formulas_cached_only"]}
["分部分项工程量清单与计价表",{"$nulls":9},""]
["",{"$nulls":9},""]
["工程名称：旗山校区明德湖绿地景观恢复项目",{"$nulls":7},"第1页 共1页",null,""]
["序号",null,"项目编码","项目名称","项目特征描述","计量单位","工程量","金    额(元)",null,null,""]
[{"$nulls":7},"综合单价",null,"合价",""]
["单项工程",{"$nulls":9},"单项工程(17园林)"]
["园林绿化工程",{"$nulls":9},"单位工程(17园林)"]
["园林建筑",{"$nulls":9},"分项工程(17园林)"]
["1",null,"050201001001","园路","(1)素土夯实(夯实度>93%)\r\n(2)100厚级配碎石层\r\n(3)30厚中砂找平层\r\n(4)黄锈石 1300*700*50厚 烧面","m2",{"v":214.5,"d":"214.500"},337.86,null,72470.97,""]
["2",null,"050301005001","点风景石","(1)布置景石(单块质量1t以内) \r\n(2)材料甲供","块",{"v":6,"d":"6.000"},918.48,null,5510.88,""]
["绿化种植",{"$nulls":9},"分项工程(17园林)"]
["3",null,"050102012001","铺种草皮","(1)草皮种类:马尼拉草\r\n(2)草皮规格:满铺\r\n(3)铺种方式:满铺\r\n(4)养护期:12个月(6个月成活，6个月日常)","m2",{"v":1618,"d":"1618.000"},26.43,null,42763.74,""]
["4",null,"050101010001","整理绿化用地","(1)整理绿化用地","m2",{"v":1618,"d":"1618.000"},4.41,null,7135.38,""]
["5",null,"010103001001","回填方","(1)种植土 回填平均厚度5cm","m3",{"v":80.9,"d":"80.900"},33.23,null,2688.31,""]
["合        计",{"$nulls":8},130569.28,""]

{"sheet":"总价措施项目清单与计价表(含分项)","index":6,"n_rows":15,"n_cols":9,"rows_kept":15,"merged":[[0,0,0,9],[1,0,1,9],[2,0,2,7],[2,8,2,9],[3,0,3,1],[3,2,3,3],[3,4,3,5],[3,6,3,7],[3,8,3,9],[4,0,4,9],[5,0,5,9],[6,0,6,9],[7,0,7,1],[7,2,7,3],[7,4,7,5],[7,6,7,7],[7,8,7,9],[8,0,8,1],[8,2,8,3],[8,4,8,5],[8,6,8,7],[8,8,8,9],[9,0,9,1],[9,2,9,3],[9,4,9,5],[9,6,9,7],[9,8,9,9],[10,0,10,9],[11,0,11,1],[11,2,11,3],[11,4,11,5],[11,6,11,7],[11,8,11,9],[12,0,12,1],[12,2,12,3],[12,4,12,5],[12,6,12,7],[12,8,12,9],[13,0,13,1],[13,2,13,3],[13,4,13,5],[13,6,13,7],[13,8,13,9],[14,0,14,7],[14,8,14,9]],"flags":["formulas_cached_only"]}
["总价措施项目清单与计价表"]
[""]
["工程名称：旗山校区明德湖绿地景观恢复项目",{"$nulls":7},"第1页 共1页"]
["序号",null,"项 目 名 称",null,"计 算 基 础\r\n(元)",null,"费    率(%)",null,"金    额(元)"]
["单项工程"]
["园林绿化工程"]
["园林建筑"]
["1",null,"安全文明施工费",null,{"v":77982,"d":"77982.00"},null,"2.97",null,{"v":2316,"d":"2316.00"}]
["2",null,"其他总价措施费",null,{"v":77982,"d":"77982.00"},null,"0.49",null,{"v":382,"d":"382.00"}]
["3",null,"防尘措施费",null,{"v":2316,"d":"2316.00"},null,"10.5",null,{"v":243,"d":"243.00"}]
["绿化种植"]
["1",null,"安全文明施工费",null,{"v":52587,"d":"52587.00"},null,"1.81",null,{"v":952,"d":"952.00"}]
["2",null,"其他总价措施费",null,{"v":52587,"d":"52587.00"},null,"0.49",null,{"v":258,"d":"258.00"}]
["3",null,"防尘措施费",null,{"v":952,"d":"952.00"},null,"10.5",null,{"v":100,"d":"100.00"}]
["合    计",{"$nulls":7},{"v":4251,"d":"4251.00"}]

{"sheet":"单价措施项目清单与计价表","index":7,"n_rows":10,"n_cols":11,"rows_kept":10,"merged":[[0,0,0,9],[1,0,1,9],[2,0,2,7],[2,8,2,9],[3,0,4,1],[3,2,4,2],[3,3,4,3],[3,4,4,4],[3,5,4,5],[3,6,4,6],[3,7,3,9],[4,7,4,8],[5,0,5,9],[6,0,6,9],[7,0,7,9],[8,0,8,9],[9,0,9,8]],"flags":["formulas_cached_only"]}
["单价措施项目清单与计价表",{"$nulls":9},""]
["",{"$nulls":9},""]
["工程名称：旗山校区明德湖绿地景观恢复项目",{"$nulls":7},"第1页 共1页",null,""]
["序号",null,"项目编码","项目名称","项目特征描述","计量单位","工程量","金    额(元)",null,null,""]
[{"$nulls":7},"综合单价",null,"合价",""]
["单项工程",{"$nulls":9},"单项工程(17园林)"]
["园林绿化工程",{"$nulls":9},"单位工程(17园林)"]
["园林建筑",{"$nulls":9},"分项工程(17园林)"]
["绿化种植",{"$nulls":9},"分项工程(17园林)"]
["合       计",{"$nulls":9},""]

{"sheet":"其他项目清单与计价汇总表","index":8,"n_rows":8,"n_cols":4,"rows_kept":8,"merged":[[0,0,0,3],[1,0,1,3],[2,0,2,2],[7,0,7,1]],"flags":["formulas_cached_only"]}
["其他项目清单与计价汇总表"]
[""]
["工程名称：旗山校区明德湖绿地景观恢复项目",null,null,"第1页 共1页"]
["序号","项 目 名 称","金额(元)","备注"]
["1","暂列金额",null,""]
["2","专业工程暂估价",null,""]
["3","总承包服务费",null,""]
["合    计",null,null,"——"]

{"sheet":"暂列金额明细表","index":9,"n_rows":12,"n_cols":5,"rows_kept":12,"merged":[[0,0,0,4],[1,0,1,4],[2,0,2,2],[2,3,2,4],[3,2,3,3],[4,2,4,3],[5,2,5,3],[6,2,6,3],[7,2,7,3],[8,2,8,3],[9,2,9,3],[10,2,10,3],[11,0,11,1],[11,2,11,3]],"flags":["formulas_cached_only"]}
["暂列金额明细表"]
[""]
["工程名称：旗山校区明德湖绿地景观恢复项目",null,null,"第1页 共1页"]
["序号","项 目 名 称","金额(元)",null,"备  注"]
["1","设计变更和现场签证暂列金额",null,null,""]
["2","优质工程增加费",null,null,""]
["3","缩短定额工期增加费",null,null,""]
["4","远程监控系统租赁费",null,null,""]
["5","发包人检测费",null,null,""]
["6","工程噪声超标排污费",null,null,""]
["7","渣土收纳费",null,null,""]
["合    计",{"$nulls":3},"——"]

{"sheet":"专业工程暂估价明细表","index":10,"n_rows":5,"n_cols":5,"rows_kept":5,"merged":[[0,0,0,4],[1,0,1,4],[2,0,2,2],[2,3,2,4],[3,2,3,3],[4,0,4,1],[4,2,4,3]],"flags":["formulas_cached_only"]}
["专业工程暂估价明细表"]
[""]
["工程名称：旗山校区明德湖绿地景观恢复项目",null,null,"第1页 共1页"]
["序号","项 目 名 称","金额(元)",null,"备  注"]
["合    计",{"$nulls":3},"——"]

{"sheet":"总承包服务费计价表","index":11,"n_rows":5,"n_cols":5,"rows_kept":5,"merged":[[0,0,0,4],[1,0,1,4],[2,0,2,3],[4,0,4,3]],"flags":["formulas_cached_only"]}
["总承包服务费计价表"]
[""]
["工程名称：旗山校区明德湖绿地景观恢复项目",{"$nulls":3},"第1页 共1页"]
["序号","项 目 名 称","计算基础(元)","费率(%)","金额(元)"]
["合    计"]

{"sheet":"分部分项工程量清单综合单价分析表","index":12,"n_rows":22,"n_cols":15,"rows_kept":22,"merged":[[0,0,0,13],[1,0,1,13],[2,0,2,11],[2,12,2,13],[3,0,4,0],[3,1,4,1],[3,2,4,2],[3,3,4,3],[3,4,4,4],[3,5,3,12],[3,13,4,13],[5,0,5,13],[6,0,6,13],[7,0,7,13],[14,0,14,13]],"flags":["formulas_cached_only"]}
["分部分项工程量清单综合单价分析表",{"$nulls":13},""]
["",{"$nulls":13},""]
["工程名称：旗山校区明德湖绿地景观恢复项目",{"$nulls":11},"第1页 共1页",null,""]
["序号","项目编码","项目名称及特征描述","单位","工程量","综合单价组成(元)",{"$nulls":7},"综合单价\r\n(元)",""]
[{"$nulls":5},"人工费","材料费","其中：\r\n设备费","施工机具使用费","企业管理费","利润","规费","税金",null,""]
["单项工程",{"$nulls":13},"单项工程(17园林)"]
["园林绿化工程",{"$nulls":13},"单位工程(17园林)"]
["园林建筑",{"$nulls":13},"分项工程(17园林)"]
["1","050201001001","园路\r\n(1)素土夯实(夯实度>93%)\r\n(2)100厚级配碎石层\r\n(3)30厚中砂找平层\r\n(4)黄锈石 1300*700*50厚 烧面","m2",{"v":214.5,"d":"214.500"},37.26,233.34,null,1.48,17.68,17.39,null,30.71,337.86,""]
["1.1","50103001","园路土基整理路床","m2",{"v":214.5,"d":"214.500"},6.21,{"$nulls":3},{"v":0.4,"d":"0.40"},{"v":0.4,"d":"0.40"},null,{"v":0.7,"d":"0.70"},7.71,""]
["1.2","40202040","级配碎石底层(厚度10cm)","m2",{"v":214.5,"d":"214.500"},2.25,13.83,null,1.48,1.14,1.12,null,1.98,{"v":21.8,"d":"21.80"},""]
["1.3","50103032T","黄锈石 1300*700*50厚","m2",{"v":214.5,"d":"214.500"},{"v":28.8,"d":"28.80"},219.51,null,null,16.14,15.87,null,28.03,308.35,""]
["2","050301005001","点风景石\r\n(1)布置景石(单块质量1t以内) \r\n(2)材料甲供","块",{"v":6,"d":"6.000"},690.47,23.47,null,{"v":25.7,"d":"25.70"},48.08,47.26,null,{"v":83.5,"d":"83.50"},918.48,""]
["2.1","50105027T","布置景石(单块质量1t以内)","t",{"v":6,"d":"6.000"},690.47,23.47,null,{"v":25.7,"d":"25.70"},48.08,47.26,null,{"v":83.5,"d":"83.50"},918.48,""]
["绿化种植",{"$nulls":13},"分项工程(17园林)"]
["3","050102012001","铺种草皮\r\n(1)草皮种类:马尼拉草\r\n(2)草皮规格:满铺\r\n(3)铺种方式:满铺\r\n(4)养护期:12个月(6个月成活，6个月日常)","m2",{"v":1618,"d":"1618.000"},8.68,12.34,null,0.27,1.38,1.36,null,{"v":2.4,"d":"2.40"},26.43,""]
["3.1","50101162T","草皮类(铺植草皮 满铺)","m2",{"v":1618,"d":"1618.000"},{"v":1.6,"d":"1.60"},9.07,null,null,0.69,0.68,null,{"v":1.2,"d":"1.20"},13.24,""]
["3.2","50102121T","草坪类(草坪 满铺) 假植苗（含容器苗、袋装苗）成活养护期半年日常养护期半年","m2",{"v":1618,"d":"1618.000"},7.08,3.27,null,0.27,0.69,0.68,null,{"v":1.2,"d":"1.20"},13.19,""]
["4","050101010001","整理绿化用地\r\n(1)整理绿化用地","m2",{"v":1618,"d":"1618.000"},3.05,null,null,{"v":0.5,"d":"0.50"},0.23,0.23,null,{"v":0.4,"d":"0.40"},4.41,""]
["4.1","50101001","绿地整理(整理绿化地)","m2",{"v":1618,"d":"1618.000"},3.05,null,null,{"v":0.5,"d":"0.50"},0.23,0.23,null,{"v":0.4,"d":"0.40"},4.41,""]
["5","010103001001","回填方\r\n(1)种植土 回填平均厚度5cm","m3",{"v":80.9,"d":"80.900"},0.35,23.06,null,3.35,1.74,1.71,null,3.02,33.23,""]
["5.1","50101002T","绿地整理(回填土)","m3",{"v":80.9,"d":"80.900"},0.35,23.06,null,3.35,1.74,1.71,null,3.02,33.23,""]

{"sheet":"单价措施项目清单综合单价分析表","index":13,"n_rows":9,"n_cols":15,"rows_kept":9,"merged":[[0,0,0,13],[1,0,1,13],[2,0,2,11],[2,12,2,13],[3,0,4,0],[3,1,4,1],[3,2,4,2],[3,3,4,3],[3,4,4,4],[3,5,3,12],[3,13,4,13],[4,11,4,12],[5,0,5,13],[6,0,6,13],[7,0,7,13],[8,0,8,13]],"flags":["formulas_cached_only"]}
["单价措施项目清单综合单价分析表",{"$nulls":13},""]
["",{"$nulls":13},""]
["工程名称：旗山校区明德湖绿地景观恢复项目",{"$nulls":11},"第1页 共1页",null,""]
["序号","项目编码","项目名称及特征描述","单位","工程量","综合单价组成(元)",{"$nulls":7},"综合单价\r\n(元)",""]
[{"$nulls":5},"人工费","材料费","施工机具使用费","企业管理费","利润","规费","税金",null,null,""]
["单项工程",{"$nulls":13},"单项工程(17园林)"]
["园林绿化工程",{"$nulls":13},"单位工程(17园林)"]
["园林建筑",{"$nulls":13},"分项工程(17园林)"]
["绿化种植",{"$nulls":13},"分项工程(17园林)"]

{"sheet":"主要材料设备项目与价格表","index":14,"n_rows":7,"n_cols":9,"rows_kept":7,"merged":[[0,0,0,8],[1,0,1,8],[2,0,2,6],[2,7,2,8],[3,0,4,0],[3,1,4,1],[3,2,4,2],[3,3,4,4],[3,5,4,5],[3,6,4,6],[3,7,4,7],[3,8,4,8],[5,3,5,4],[6,3,6,4]],"flags":["formulas_cached_only"]}
["主要材料设备项目与价格表"]
[""]
["工程名称：旗山校区明德湖绿地景观恢复项目",{"$nulls":6},"第1页 共1页"]
["序号","工料机编码","工料机名称","规格、型号等特殊要求",null,"单位","数量","单价","合价"]
[]
["一","","材料","",null,"","","",""]
["二","","设备","",null,"","","",""]

{"sheet":"人工、材料设备、机械汇总表","index":15,"n_rows":34,"n_cols":8,"rows_kept":34,"merged":[[0,0,0,7],[1,0,1,7],[2,0,2,5],[2,6,2,7]],"flags":["formulas_cached_only"]}
["人工、材料设备、机械汇总表"]
[""]
["工程名称：旗山校区明德湖绿地景观恢复项目",{"$nulls":5},"第1页 共1页"]
["序号","工料机编码","工料机名称","规格、型号等特殊要求","单位","数量","单价","合价"]
["一","","人工","","","","",0]
["1","00010040","定额人工费","","元","","",18978.36]
["2","00010040","定额人工费","","元","","",12163.41]
["二","","材料","","","","",""]
["1","01610250","铁件","综合","kg",{"v":18,"d":"18.000"},5.37,{"v":96.7,"d":"96.70"}]
["2","04010170","散装水泥","42.5","kg",{"v":48.96,"d":"48.960"},0.45,21.79]
["3","04030200","天然中砂","","m3",12.377,{"v":105.9,"d":"105.90"},1310.69]
["4","04030230","净干砂（机制砂）","","m3",0.227,88.25,20.06]
["5","04050410","碎石（级配）","","m3",21.208,111.65,2367.83]
["6","04070040","石屑","","m3",11.351,51.49,584.48]
["7","04090370","种植土","","m3",90.608,20.59,1865.62]
["8","04130390","黄锈石","1300*700*50厚","m2",{"v":218.79,"d":"218.790"},{"v":205,"d":"205.00"},44851.95]
["9","14350690","药剂","","kg",7.987,20.72,165.49]
["10","32070001","马尼拉","","m2",{"v":1779.8,"d":"1779.800"},{"v":8,"d":"8.00"},{"v":14238.4,"d":"14238.40"}]
["11","32270001","肥料","","kg",3896.144,0.68,2649.38]
["12","34110080","水","","m3",0.072,2.91,0.21]
["13","34110080","水","","m3",492.333,5.39,2653.67]
["14","49010030","其他材料费","","%",940.096,{"v":1.2,"d":"1.20"},1128.12]
["15","49010030","其他材料费","","%",251.631,{"v":1,"d":"1.00"},251.63]
["16","80010350","现拌砌筑砂浆","M5(42.5) 砂子4.75mm 稠度50~70mm","m3",{"v":0.24,"d":"0.240"},175.23,42.05]
["三","","设备","","","","",""]
["四","","施工机具","","","","",""]
["1","99010130","轮胎式单斗挖掘机","液压 斗容量0.6m3","台班",1.618,{"v":499.4,"d":"499.40"},808.03]
["2","99070030","履带式推土机","功率75kW","台班",0.186,767.96,142.89]
["3","99070270","轮胎式装载机","斗容量1.0m3","台班",0.186,688.51,128.11]
["4","99070540","载货汽车","装载质量8t","台班",0.974,443.27,431.76]
["5","99090300","汽车式起重机","提升质量5t","台班",0.454,339.92,154.19]
["6","99130010","平地机","功率90kW","台班",{"v":0.18,"d":"0.180"},{"v":668.1,"d":"668.10"},120.38]
["7","99130100","钢轮内燃压路机","工作质量8t","台班",0.058,{"v":341.1,"d":"341.10"},19.75]
["8","99130120","钢轮内燃压路机","工作质量15t","台班",0.322,{"v":553.7,"d":"553.70"},178.15]